| 000 -LEADER |
| fixed length control field |
01554cam a2200337 a 4500 |
| 001 - CONTROL NUMBER |
| control field |
12463043 |
| 003 - CONTROL NUMBER IDENTIFIER |
| control field |
NUST |
| 005 - DATE AND TIME OF LATEST TRANSACTION |
| control field |
20230209123530.0 |
| 008 - FIXED-LENGTH DATA ELEMENTS--GENERAL INFORMATION |
| fixed length control field |
010302s2001 ii a 001 0aeng |
| 010 ## - LIBRARY OF CONGRESS CONTROL NUMBER |
| LC control number |
2001293936 |
| 020 ## - INTERNATIONAL STANDARD BOOK NUMBER |
| International Standard Book Number |
8170491282 |
| 025 ## - OVERSEAS ACQUISITION NUMBER |
| Overseas acquisition number |
I-E-2001-293936; 63-91 |
| 035 ## - SYSTEM CONTROL NUMBER |
| System control number |
(DLC) 200129393 |
| 037 ## - SOURCE OF ACQUISITION |
| Source of stock number/acquisition |
Library of Congress -- New Delhi Field Office |
| Terms of availability |
Rs595.00 ($35.00 U.S.) |
| 040 ## - CATALOGING SOURCE |
| Original cataloging agency |
DLC |
| Transcribing agency |
DLC |
| 042 ## - AUTHENTICATION CODE |
| Authentication code |
lcode |
| 043 ## - GEOGRAPHIC AREA CODE |
| Geographic area code |
a-ii--- |
| 050 00 - LIBRARY OF CONGRESS CALL NUMBER |
| Classification number |
V64.I42 |
| Item number |
B492 2001 |
| 082 ## - DEWEY DECIMAL CLASSIFICATION NUMBER |
| Classification number |
954.0359,BHA |
| 100 1# - MAIN ENTRY--PERSONAL NAME |
| Personal name |
Bhagwat, Vishnu, |
| Dates associated with a name |
1939- |
| 9 (RLIN) |
108761 |
| 245 10 - TITLE STATEMENT |
| Title |
Betrayal of the defence forces : |
| Remainder of title |
The inside truth / |
| Statement of responsibility, etc. |
Vishnu Bhagwat. |
| 260 ## - PUBLICATION, DISTRIBUTION, ETC. |
| Place of publication, distribution, etc. |
New Delhi : |
| Name of publisher, distributor, etc. |
Manas Publications, |
| Date of publication, distribution, etc. |
2001. |
| 300 ## - PHYSICAL DESCRIPTION |
| Extent |
416 p. : |
| Other physical details |
ill. ; |
| Dimensions |
22 cm. |
| 505 ## - FORMATTED CONTENTS NOTE |
| Formatted contents note |
Background (Page-13), Entry with a flourish of trumpets (Page-37), Taking over the reins (Page-43), People - The key resources (Page-53), The Navy and the Nation (Page-61), Advanced light helicopter (Page-73), Air defence ship (Page-81), Memorandum of understanding (Page-93), Dawn of Reality (Page-103), Ajit Kumar (Page-109), Selective logic (Page-155), Public outcry (Page-214), The "Defence" Minister (Page-245), Victory or Sacrifice (Page-253), A Matter of honor (Page-261). |
| 600 10 - SUBJECT ADDED ENTRY--PERSONAL NAME |
| Personal name |
Bhagwat, Vishnu, |
| Dates associated with a name |
1939- |
| 9 (RLIN) |
108761 |
| 610 10 - SUBJECT ADDED ENTRY--CORPORATE NAME |
| Corporate name or jurisdiction name as entry element |
India. |
| Subordinate unit |
Indian Navy |
| General subdivision |
History |
| Chronological subdivision |
20th century. |
| 9 (RLIN) |
108762 |
| 650 #0 - SUBJECT ADDED ENTRY--TOPICAL TERM |
| Topical term or geographic name entry element |
Admirals |
| General subdivision |
Dismissal of |
| Geographic subdivision |
India. |
| 9 (RLIN) |
108763 |
| 906 ## - LOCAL DATA ELEMENT F, LDF (RLIN) |
| a |
7 |
| b |
cbc |
| c |
origode |
| d |
3 |
| e |
ncip |
| f |
20 |
| g |
y-gencatlg |
| 942 ## - ADDED ENTRY ELEMENTS (KOHA) |
| Source of classification or shelving scheme |
|
| Koha item type |
Book |
| Call number prefix |
954.0359,BHA |